000 00755nam a2200289Ia 4500
001 18772
003 IT-RoPAU
008 130308s9999 xx 000 0 und d
040 _aIT-RoPAU
040 _cIT-RoPAU
041 _aITALIANO
100 _aCsaszar Istvan
100 _gCodice Aut. SPICS: 12501
245 2 _aA proposito di Narciso e Psiche
245 _bCinema Magiaro-L'Uomo e la Storia
250 _a1a ed.
260 _aVENEZIA
260 _bMarsilio
260 _c1982 [1° Ed.:1982 - Ed.Ling.Originale:1980]
300 _a"3 p. (prefazione: no ; testo: 3 [pagine: 208-210])"
650 _aSTORIA NAZIONALE DEL CINEMA
650 _eCodice materia Spics: 6809
942 _cBK
957 _71
999 _c53780
_d53780
999 _bSI
999 _g1